[Event "Ruhrgebiet Verbandsklasse Gruppe 3 1617"]
[Site "Germany"]
[Date "2016.09.25"]
[Round "2.8"]
[White "Meyer, Friedel"]
[Black "Remshagen, Peter"]
[Result "1-0"]
[WhiteElo "1708"]
[BlackElo "1576"]
[PlyCount "61"]
[EventDate "2016.09.04"]
[EventType "team-tourn"]
[EventRounds "9"]
[EventCountry "GER"]
[SourceTitle "EXT 2022"]
[Source "ChessBase"]
[SourceDate "2021.10.06"]
[SourceVersion "1"]
[SourceVersionDate "2021.10.06"]
[SourceQuality "1"]
[WhiteTeam "Muelheim SC"]
[BlackTeam "Hoentrop SG"]
[WhiteTeamCountry "GER"]
[BlackTeamCountry "GER"]

1. c4 e5 2. Nc3 Nf6 3. g3 Bb4 4. Bg2 0-0 5. Qc2 Nc6 6. e3 Bxc3 7. Qxc3 d6 8. Ne2 Bf5 9. d4 exd4 10. Nxd4 Nxd4 11. Qxd4 Qc8 12. h3 Re8 13. g4 Be4 14. f3 Bg6 15. 0-0 h6 16. b3 a6 17. e4 Qe6 18. Bb2 Qe5 19. Qd2 Qe7 20. Rae1 Nd7 21. f4 Rab8 22. f5 Bh7 23. f6 Qe6 24. fxg7 Ne5 25. Rf2 Qg6 26. Ref1 Re6 27. Bxe5 dxe5 28. Qd7 Kxg7 29. Rxf7+ Kh8 30. Rxh7+ Qxh7 31. Qxe6 1-0

[Event "GER Cup19 sf09 serv"]
[Site "GER email"]
[Date "2013.07.14"]
[Round "?"]
[White "Walther, Joachim"]
[Black "Remshagen, Peter"]
[Result "1/2-1/2"]
[WhiteElo "1994"]
[BlackElo "2078"]
[PlyCount "52"]
[EventDate "2013.07.20"]
[EventType "tourn (corr)"]
[EventRounds "6"]
[EventCountry "GER"]
[SourceTitle "Corr 2015"]
[Source "ChessBase"]
[SourceDate "2015.07.17"]
[SourceVersion "1"]
[SourceVersionDate "2015.07.17"]
[SourceQuality "1"]

1. d4 Nf6 2. c4 e6 3. Nf3 b6 4. a3 Bb7 5. Nc3 d5 6. cxd5 Nxd5 7. Qc2 Nxc3 8. bxc3 Nd7 9. e4 Be7 10. Bd3 c5 11. 0-0 Qc7 12. Qe2 0-0 13. Bb2 Rac8 14. Nd2 Nf6 15. f4 b5 16. e5 Nd5 17. f5 c4 18. Bc2 exf5 19. Bxf5 Rcd8 20. Ne4 Bc8 21. Ng3 f6 22. Bxc8 Qxc8 23. Nf5 fxe5 24. Nxe7+ Nxe7 25. Qxe5 Qd7 26. a4 Rxf1+ 1/2-1/2

[Event "GER Cup19 sf17 serv"]
[Site "GER email"]
[Date "2013.07.14"]
[Round "?"]
[White "Warzecha, Helmut"]
[Black "Remshagen, Peter"]
[Result "0-1"]
[WhiteElo "1999"]
[BlackElo "2092"]
[PlyCount "40"]
[EventDate "2013.07.20"]
[EventType "tourn (corr)"]
[EventRounds "6"]
[EventCountry "GER"]
[SourceTitle "Corr 2015"]
[Source "ChessBase"]
[SourceDate "2015.07.17"]
[SourceVersion "1"]
[SourceVersionDate "2015.07.17"]
[SourceQuality "1"]

1. e4 Nc6 2. d4 d5 3. e5 Bf5 4. c3 e6 5. Nf3 Qd7 6. Nh4 Be4 7. Nd2 Be7 8. Nxe4 dxe4 9. Qg4 0-0-0 10. Qxe4 f5 11. exf6 Nxf6 12. Qd3 Rhe8 13. Be3 Ng4 14. Nf3 e5 15. 0-0-0 exd4 16. Qc2 Qe6 17. Bxd4 Nxd4 18. Nxd4 Qf6 19. Bd3 Qxf2 20. Rd2 Bg5 0-1

[Event "GER Cup19 sf17 serv"]
[Site "GER email"]
[Date "2013.07.14"]
[Round "?"]
[White "Wenzel, Stefan"]
[Black "Remshagen, Peter"]
[Result "1-0"]
[WhiteElo "1860"]
[BlackElo "2092"]
[PlyCount "61"]
[EventDate "2013.07.20"]
[EventType "tourn (corr)"]
[EventRounds "6"]
[EventCountry "GER"]
[SourceTitle "Corr 2015"]
[Source "ChessBase"]
[SourceDate "2015.07.17"]
[SourceVersion "1"]
[SourceVersionDate "2015.07.17"]
[SourceQuality "1"]

1. e4 Nc6 2. d4 d5 3. exd5 Qxd5 4. Nf3 Bg4 5. Nc3 Qh5 6. d5 0-0-0 7. Be2 Bxf3 8. Bxf3 Qe5+ 9. Be3 e6 10. 0-0 Nf6 11. dxc6 Rxd1 12. cxb7+ Kb8 13. Raxd1 Bd6 14. g3 Qf5 15. Rd3 a6 16. Bg2 Ng4 17. Ne4 Qh5 18. h3 Nxe3 19. fxe3 Ka7 20. Nxd6 cxd6 21. Rxd6 Rb8 22. b4 Qe5 23. Rd7 Qc3 24. Rfxf7 h5 25. Kh2 Qxb4 26. Rf4 Qc5 27. Rxg7 e5 28. Rh4 Qxc2 29. Rxh5 Qc5 30. h4 Qxe3 31. Rhg5 1-0

[Event "GER MS-161 email"]
[Site "GER email"]
[Date "2012.06.18"]
[Round "?"]
[White "Goy, Udo"]
[Black "Remshagen, Peter"]
[Result "0-1"]
[WhiteElo "1993"]
[BlackElo "2090"]
[PlyCount "92"]
[EventDate "2012.06.25"]
[EventType "tourn (corr)"]
[EventRounds "6"]
[EventCountry "GER"]
[SourceTitle "Corr 2015"]
[Source "ChessBase"]
[SourceDate "2015.07.17"]
[SourceVersion "1"]
[SourceVersionDate "2015.07.17"]
[SourceQuality "1"]

1. d4 Nf6 2. c4 e6 3. Nf3 b6 4. Nc3 Bb4 5. g3 Bxc3+ 6. bxc3 0-0 7. Bg2 Bb7 8. 0-0 d6 9. Bh3 Nc6 10. d5 Na5 11. dxe6 Qe7 12. exf7+ Qxf7 13. Ng5 Qe7 14. Re1 h6 15. Ne6 Rfe8 16. Nf4 Qf7 17. f3 Nd7 18. Rf1 Ne5 19. c5 dxc5 20. Nd3 Nxd3 21. Qxd3 Rad8 22. Qc2 Bc6 23. Bf4 g5 24. Bc1 Nc4 25. Bf5 Kg7 26. e4 Bb5 27. Rf2 Bd7 28. g4 Be6 29. Rf1 Bxf5 30. gxf5 Qh5 31. Qe2 Ne5 32. c4 g4 33. Bb2 gxf3 34. Rxf3 Kf7 35. Bxe5 Rxe5 36. Re1 Rd4 37. Re3 Qxe2 38. R1xe2 Kf6 39. Kf2 Re7 40. Kg2 Rxc4 41. Kf3 Ke5 42. Rg2 Rc1 43. Rg6 Kd4 44. Rxh6 Rf1+ 45. Kg2 Rxf5 46. exf5 Rxe3 0-1

[Event "GER MS-161 email"]
[Site "GER email"]
[Date "2012.06.18"]
[Round "?"]
[White "Kosirog, Nicolai"]
[Black "Remshagen, Peter"]
[Result "0-1"]
[WhiteElo "1870"]
[BlackElo "2090"]
[PlyCount "78"]
[EventDate "2012.06.25"]
[EventType "tourn (corr)"]
[EventRounds "6"]
[EventCountry "GER"]
[SourceTitle "Corr 2015"]
[Source "ChessBase"]
[SourceDate "2015.07.17"]
[SourceVersion "1"]
[SourceVersionDate "2015.07.17"]
[SourceQuality "1"]

1. d4 Nf6 2. c4 e6 3. Nc3 Bb4 4. e3 b6 5. Qc2 Bb7 6. a3 Bxc3+ 7. Qxc3 0-0 8. Nf3 d6 9. Bd3 Nbd7 10. 0-0 a5 11. Nd2 a4 12. Nb1 c5 13. Qc2 e5 14. d5 e4 15. Bxe4 Nxe4 16. Qxe4 Re8 17. Qc2 Ba6 18. Qxa4 Ne5 19. Qc2 Bxc4 20. Rd1 Qh4 21. h3 Nf3+ 22. Kh1 Re5 23. Nc3 Rae8 24. Ne2 Qxf2 25. Nd4 Qxc2 26. Nxc2 Be2 27. Bd2 Bxd1 28. Rxd1 Nxd2 29. Rxd2 g6 30. Kh2 Kg7 31. a4 Ra8 32. b3 b5 33. axb5 Ra2 34. b6 Re7 35. Re2 Rb7 36. Nd4 Rxe2 37. Nxe2 f5 38. Nc1 Rxb6 39. Kg3 Kf6 0-1

[Event "GER MS-161 email"]
[Site "GER email"]
[Date "2012.06.18"]
[Round "?"]
[White "Remshagen, Peter"]
[Black "Hebel, Erich"]
[Result "1/2-1/2"]
[WhiteElo "2090"]
[BlackElo "1966"]
[PlyCount "52"]
[EventDate "2012.06.25"]
[EventType "tourn (corr)"]
[EventRounds "6"]
[EventCountry "GER"]
[SourceTitle "Corr 2015"]
[Source "ChessBase"]
[SourceDate "2015.07.17"]
[SourceVersion "1"]
[SourceVersionDate "2015.07.17"]
[SourceQuality "1"]

1. c4 e5 2. Nc3 Nf6 3. Nf3 Nc6 4. g3 Bc5 5. Bg2 d6 6. 0-0 0-0 7. d3 h6 8. a3 a5 9. e3 Ba7 10. b3 Bf5 11. Bb2 Re8 12. Qc2 Qd7 13. Rfe1 Rac8 14. Rac1 Bh3 15. Nb5 Bb6 16. d4 Bxg2 17. Kxg2 exd4 18. Nbxd4 Nxd4 19. exd4 c6 20. a4 Rxe1 21. Rxe1 Re8 22. Rxe8+ Qxe8 23. d5 Qe4 24. Qd1 Nd7 25. dxc6 Qxc6 26. Qd5 Qxd5 1/2-1/2

[Event "GER MS-104 email"]
[Site "GER email"]
[Date "2010.08.08"]
[Round "?"]
[White "Remshagen, Peter"]
[Black "Heinrich, Olaf Wittmund"]
[Result "1/2-1/2"]
[WhiteElo "2109"]
[BlackElo "2002"]
[PlyCount "85"]
[EventDate "2010.08.16"]
[EventType "tourn (corr)"]
[EventRounds "6"]
[EventCountry "GER"]
[SourceTitle "Corr 2015"]
[Source "ChessBase"]
[SourceDate "2015.07.17"]
[SourceVersion "1"]
[SourceVersionDate "2015.07.17"]
[SourceQuality "1"]
[WhiteTeam "Germany"]
[BlackTeam "Germany"]
[WhiteTeamCountry "GER"]
[BlackTeamCountry "GER"]

1. c4 c5 2. Nf3 Nf6 3. Nc3 b6 4. g3 Bb7 5. Bg2 e6 6. 0-0 Be7 7. d4 cxd4 8. Qxd4 d6 9. Rd1 a6 10. b3 Nbd7 11. Bb2 0-0 12. e4 Qc7 13. Ba3 Nc5 14. e5 Ne8 15. b4 Nd7 16. exd6 Bxd6 17. Ne4 Ne5 18. Rac1 Nxf3+ 19. Bxf3 Be7 20. Qe3 Nf6 21. Nxf6+ Bxf6 22. b5 Bxf3 23. Qxf3 Rfe8 24. Bd6 Qa7 25. c5 axb5 26. c6 Qxa2 27. c7 h6 28. Qd3 Qa6 29. h4 Rec8 30. Rb1 Qb7 31. Qxb5 Rxc7 32. Bxc7 Qxc7 33. Qxb6 Qc2 34. Rd7 g5 35. Qb7 Ra2 36. Rf1 Rb2 37. Qa8+ Kg7 38. hxg5 Bxg5 39. Qf3 Qg6 40. Ra1 Rb1+ 41. Rxb1 Qxb1+ 42. Kg2 Qg6 43. Rb7 1/2-1/2

[Event "GER MS-104 email"]
[Site "GER email"]
[Date "2010.08.08"]
[Round "?"]
[White "Remshagen, Peter"]
[Black "Langheld, Werner"]
[Result "1/2-1/2"]
[WhiteElo "2109"]
[BlackElo "2026"]
[PlyCount "41"]
[EventDate "2010.08.16"]
[EventType "tourn (corr)"]
[EventRounds "6"]
[EventCountry "GER"]
[SourceTitle "Corr 2015"]
[Source "ChessBase"]
[SourceDate "2015.07.17"]
[SourceVersion "1"]
[SourceVersionDate "2015.07.17"]
[SourceQuality "1"]
[WhiteTeam "Germany"]
[BlackTeam "Germany"]
[WhiteTeamCountry "GER"]
[BlackTeamCountry "GER"]

1. c4 c5 2. Nc3 g6 3. g3 Bg7 4. Bg2 d6 5. Nf3 Nc6 6. 0-0 e5 7. d3 Nge7 8. Rb1 0-0 9. a3 a5 10. Bd2 h6 11. Qc1 Kh7 12. Qc2 b6 13. Qa4 Bd7 14. Rfe1 Rb8 15. Rec1 f5 16. Qc2 Be6 17. Bg5 Qd7 18. Bxe7 Nxe7 19. Nd2 Rfc8 20. Rd1 Nc6 21. Qa4 1/2-1/2

[Event "GER ML-346 email"]
[Site "GER email"]
[Date "2009.??.??"]
[Round "?"]
[White "Remshagen, Peter"]
[Black "Kaiser, Stephan"]
[Result "1/2-1/2"]
[WhiteElo "2131"]
[BlackElo "2104"]
[PlyCount "63"]
[EventDate "2009.??.??"]
[EventType "tourn (corr)"]
[EventRounds "6"]
[EventCountry "GER"]
[SourceTitle "Corr 2020"]
[Source "ChessBase"]
[SourceDate "2019.09.30"]
[SourceVersion "1"]
[SourceVersionDate "2019.09.30"]
[SourceQuality "1"]

1. c4 g6 2. d4 Nf6 3. Nc3 Bg7 4. e4 d6 5. Nf3 0-0 6. Be2 Bg4 7. Be3 Nfd7 8. Rc1 c5 9. d5 a6 10. Nd2 Bxe2 11. Qxe2 b5 12. 0-0 b4 13. Na4 Qa5 14. b3 Nb6 15. Nxb6 Qxb6 16. f4 Nd7 17. e5 dxe5 18. f5 Nf6 19. Bg5 a5 20. Rf3 a4 21. Bxf6 Qxf6 22. Ne4 Qa6 23. Re1 axb3 24. axb3 Qa2 25. Qxa2 Rxa2 26. Nxc5 Rfa8 27. Nd3 Ra1 28. Rfe3 gxf5 29. Nxe5 e6 30. Rxa1 Rxa1+ 31. Kf2 f4 32. Re4 1/2-1/2

[Event "GER-ch39 V02 email"]
[Site "GER email"]
[Date "2007.04.30"]
[Round "?"]
[White "Herzel, Alois"]
[Black "Remshagen, Peter"]
[Result "1/2-1/2"]
[WhiteElo "2088"]
[BlackElo "2131"]
[PlyCount "78"]
[EventDate "2007.??.??"]
[EventType "tourn (corr)"]
[EventRounds "10"]
[EventCountry "GER"]
[SourceTitle "Corr 2011"]
[Source "ChessBase"]
[SourceDate "2010.08.31"]
[SourceVersion "1"]
[SourceVersionDate "2010.08.31"]
[SourceQuality "1"]

1. d4 Nf6 2. c4 e6 3. Nc3 Bb4 4. e3 0-0 5. Bd3 d5 6. Nf3 c5 7. 0-0 Nc6 8. a3 Bxc3 9. bxc3 dxc4 10. Bxc4 Qc7 11. Bd3 e5 12. Qc2 Re8 13. Ng5 h6 14. Ne4 Nxe4 15. Bxe4 Na5 16. Rb1 Bd7 17. d5 c4 18. Rb4 Rad8 19. Rd1 b6 20. Bf3 Nb3 21. a4 a5 22. d6 Qc5 23. Rd5 axb4 24. Rxc5 bxc5 25. Bb2 Re6 26. cxb4 Rxd6 27. h4 Rd2 28. Qc3 cxb4 29. Qxc4 Be6 30. Qc7 f6 31. Bd4 Rc8 32. Qe7 Nxd4 33. exd4 Bf7 34. Qb7 Rc1+ 35. Kh2 Rxd4 36. Qa8+ Kh7 37. Be4+ g6 38. h5 Rc7 39. a5 b3 1/2-1/2

[Event "GER-ch39 V02 email"]
[Site "GER email"]
[Date "2007.04.30"]
[Round "?"]
[White "Mager, Friedhelm"]
[Black "Remshagen, Peter"]
[Result "1/2-1/2"]
[WhiteElo "2102"]
[BlackElo "2131"]
[PlyCount "82"]
[EventDate "2007.??.??"]
[EventType "tourn (corr)"]
[EventRounds "10"]
[EventCountry "GER"]
[SourceTitle "Corr 2011"]
[Source "ChessBase"]
[SourceDate "2010.08.31"]
[SourceVersion "1"]
[SourceVersionDate "2010.08.31"]
[SourceQuality "1"]

1. e4 d6 2. d4 Nf6 3. Nc3 g6 4. Nf3 Bg7 5. Be2 0-0 6. 0-0 c6 7. h3 Nbd7 8. Be3 e5 9. dxe5 Nxe5 10. Qd2 Be6 11. Rfd1 Nxf3+ 12. Bxf3 Ne8 13. Ne2 Bxb2 14. Rab1 Be5 15. Rxb7 Qc8 16. Re7 Qd8 17. Rxa7 Rxa7 18. Bxa7 Bxa2 19. Bd4 Qc7 20. Bxe5 dxe5 21. Nc1 Bc4 22. Qb4 Ba6 23. Nb3 Kg7 24. Nc5 Bc8 25. Nd3 Nf6 26. Ra1 Re8 27. Ra5 h5 28. Qc3 Nd7 29. g4 hxg4 30. Bxg4 Nf6 31. Rxe5 Rxe5 32. Qxe5 Qxe5 33. Nxe5 Bxg4 34. hxg4 Nxe4 35. Nxc6 Kf6 36. Kg2 Ke6 37. Kf3 Nd6 38. Ke3 Kd5 39. Na5 f6 40. Kd3 f5 41. c4+ Ke5 1/2-1/2

[Event "GER-ch39 V02 email"]
[Site "GER email"]
[Date "2007.04.30"]
[Round "?"]
[White "Remshagen, Peter"]
[Black "Bender, Klaus"]
[Result "1/2-1/2"]
[WhiteElo "2131"]
[BlackElo "2149"]
[PlyCount "132"]
[EventDate "2007.??.??"]
[EventType "tourn (corr)"]
[EventRounds "10"]
[EventCountry "GER"]
[SourceTitle "Corr 2011"]
[Source "ChessBase"]
[SourceDate "2010.08.31"]
[SourceVersion "1"]
[SourceVersionDate "2010.08.31"]
[SourceQuality "1"]

1. c4 b6 2. Nf3 Bb7 3. d4 e6 4. Nc3 Bb4 5. Bg5 Bxc3+ 6. bxc3 f6 7. Bf4 Ne7 8. e3 0-0 9. Bd3 Qe8 10. Bg3 d6 11. c5 e5 12. Qb1 Kh8 13. cxd6 cxd6 14. 0-0 Qh5 15. Nd2 Nbc6 16. Qb5 Nf5 17. Bxf5 Qxf5 18. Rfe1 Rac8 19. e4 Qd7 20. d5 Nb8 21. c4 Kg8 22. a4 Ba6 23. Qb4 Rc7 24. Ra3 Rfc8 25. Rc3 Bb7 26. Ra1 Ba6 27. f4 Qe7 28. f5 Nd7 29. Bf2 Nc5 30. a5 Rb7 31. axb6 axb6 32. Rh3 Ra8 33. Qb1 Qc7 34. Qd1 Rba7 35. Rb1 Bc8 36. Qh5 g5 37. Be3 Qd7 38. Rg3 Qf7 39. Qh6 Qf8 40. Bxg5 fxg5 41. Rxg5+ Kf7 42. Qxh7+ Ke8 43. Qh4 Rg7 44. Rg6 Nd3 45. Rh6 Rg4 46. Qh5+ Kd8 47. g3 Bd7 48. Rf1 Be8 49. Rh8 Rg8 50. Qh4+ Kc7 51. Rh7+ Bd7 52. Nf3 Qc8 53. f6 Kb7 54. Ng5 Qc5+ 55. Kh1 Rgd8 56. Ne6 Qxc4 57. Nxd8+ Rxd8 58. Qg4 Nc5 59. Qf3 b5 60. Rg7 Rf8 61. f7 Nxe4 62. Rg8 Nd2 63. Rxf8 Nxf3 64. Rb8+ Kc7 65. Rxf3 Qc1+ 66. Kg2 Qd2+ 1/2-1/2

[Event "GER-ch39 V02 email"]
[Site "GER email"]
[Date "2007.04.30"]
[Round "?"]
[White "Remshagen, Peter"]
[Black "Frank, Heinrich"]
[Result "1-0"]
[WhiteElo "2131"]
[BlackElo "2178"]
[PlyCount "90"]
[EventDate "2007.??.??"]
[EventType "tourn (corr)"]
[EventRounds "10"]
[EventCountry "GER"]
[SourceTitle "Corr 2011"]
[Source "ChessBase"]
[SourceDate "2010.08.31"]
[SourceVersion "1"]
[SourceVersionDate "2010.08.31"]
[SourceQuality "1"]

1. c4 g6 2. d4 Nf6 3. Nc3 Bg7 4. e4 d6 5. Nf3 0-0 6. Be2 e5 7. 0-0 Na6 8. Be3 Ng4 9. Bg5 Qe8 10. dxe5 Nxe5 11. Nd4 f6 12. Be3 c6 13. f4 Nf7 14. Bf3 f5 15. Re1 fxe4 16. Nxe4 Qd8 17. Qa4 Nh6 18. Qa3 Ng4 19. Bxg4 Bxg4 20. h3 Re8 21. Bf2 Nc5 22. Nxc5 Rxe1+ 23. Rxe1 dxc5 24. Nxc6 bxc6 25. hxg4 Bd4 26. Re4 Rb8 27. g5 Bxf2+ 28. Kxf2 Qd2+ 29. Kg1 Rxb2 30. Qh3 Qd6 31. Qc8+ Kg7 32. Qe8 Rb7 33. Qe5+ Qxe5 34. Rxe5 Rb2 35. a4 Rb4 36. Rxc5 Rxa4 37. Rxc6 Ra2 38. c5 Rc2 39. Rc7+ Kg8 40. Rxa7 Rxc5 41. Kf2 Rc3 42. Re7 Rc4 43. Kf3 Rc1 44. Kg4 Rg1 45. g3 Rh1 1-0

[Event "GER-ch39 V02 email"]
[Site "GER email"]
[Date "2007.04.30"]
[Round "?"]
[White "Remshagen, Peter"]
[Black "Maasch, Klaus"]
[Result "1-0"]
[WhiteElo "2131"]
[BlackElo "1927"]
[PlyCount "77"]
[EventDate "2007.??.??"]
[EventType "tourn (corr)"]
[EventRounds "10"]
[EventCountry "GER"]
[SourceTitle "Corr 2011"]
[Source "ChessBase"]
[SourceDate "2010.08.31"]
[SourceVersion "1"]
[SourceVersionDate "2010.08.31"]
[SourceQuality "1"]

1. c4 Nf6 2. d4 g6 3. Nc3 Bg7 4. e4 d6 5. Nf3 0-0 6. Be2 e5 7. 0-0 Nbd7 8. Be3 c6 9. d5 c5 10. a3 Ne8 11. Qc2 h6 12. Bd3 b6 13. Ne2 Ndf6 14. Ng3 Nd7 15. b3 Nc7 16. h3 Qe7 17. Qd2 Kh7 18. b4 Ne8 19. Rfb1 Nc7 20. Ra2 Na6 21. Bc2 Bb7 22. Ba4 Rad8 23. Qd3 Nab8 24. Qc2 Rc8 25. Ne1 Rc7 26. Qd3 Rfc8 27. Bd1 cxb4 28. axb4 a6 29. Bb3 Qf8 30. Nf3 h5 31. Ng5+ Kg8 32. Qd2 Bh6 33. h4 Bg7 34. Ra3 Bh6 35. Ra2 Qe7 36. Qe2 Qf6 37. c5 bxc5 38. bxc5 Nxc5 39. Bxc5 1-0

[Event "GER-ch39 V02 email"]
[Site "GER email"]
[Date "2007.04.30"]
[Round "?"]
[White "Remshagen, Peter"]
[Black "Schulze, Guenter"]
[Result "1/2-1/2"]
[WhiteElo "2131"]
[BlackElo "2053"]
[PlyCount "85"]
[EventDate "2007.??.??"]
[EventType "tourn (corr)"]
[EventRounds "10"]
[EventCountry "GER"]
[SourceTitle "Corr 2011"]
[Source "ChessBase"]
[SourceDate "2010.08.31"]
[SourceVersion "1"]
[SourceVersionDate "2010.08.31"]
[SourceQuality "1"]

1. c4 Nf6 2. d4 e6 3. Nf3 c6 4. g3 d5 5. Qc2 dxc4 6. Qxc4 b5 7. Qd3 Bb7 8. Bg2 Nbd7 9. 0-0 a6 10. Ng5 Qb6 11. a4 Rd8 12. axb5 cxb5 13. Bxb7 Qxb7 14. Qf3 Qb6 15. Be3 h6 16. Ne4 Nxe4 17. Qxe4 Nf6 18. Qf3 Nd5 19. Nc3 Be7 20. Nxd5 Rxd5 21. Bd2 0-0 22. e4 Rd7 23. Be3 Qb7 24. Qg4 f5 25. Qg6 Rf6 26. Qe8+ Kh7 27. exf5 Rd8 28. Qh5 Rxf5 29. Qh3 Bf6 30. Rfd1 b4 31. Qg2 Qxg2+ 32. Kxg2 a5 33. b3 Rfd5 34. Rdc1 e5 35. dxe5 Rxe5 36. Rd1 Rxd1 37. Rxd1 a4 38. bxa4 Ra5 39. Rd7 Rxa4 40. Rb7 Bc3 41. h4 Ra3 42. h5 Ra2 43. Bf4 1/2-1/2

[Event "Bochum op"]
[Site "Bochum"]
[Date "2006.08.29"]
[Round "3.5"]
[White "Remshagen, Peter"]
[Black "Jedner, Volker"]
[Result "0-1"]
[WhiteElo "1583"]
[BlackElo "1801"]
[PlyCount "62"]
[EventDate "2006.08.15"]
[EventType "swiss"]
[EventRounds "7"]
[EventCountry "GER"]
[SourceTitle "EXT 2007"]
[Source "ChessBase"]
[SourceDate "2006.11.23"]
[SourceVersion "1"]
[SourceVersionDate "2006.11.23"]
[SourceQuality "1"]

1. c4 c6 2. Nc3 d5 3. cxd5 cxd5 4. d4 Nf6 5. Nf3 Nc6 6. e3 Bf5 7. Bd3 Bxd3 8. Qxd3 e6 9. 0-0 Be7 10. Qb5 Qc7 11. Ne5 0-0 12. Nxc6 bxc6 13. Qd3 c5 14. dxc5 Ng4 15. g3 Bxc5 16. a3 Rfd8 17. b4 Ne5 18. Qc2 Be7 19. Qb3 Rac8 20. Bb2 Nf3+ 21. Kg2 Nd2 22. Qa2 Nxf1 23. Rxf1 Bf6 24. Rc1 Qb7 25. Kg1 d4 26. exd4 Bxd4 27. Qb1 Qf3 28. Nd1 Rxc1 29. Qxc1 Qxd1+ 30. Qxd1 Bxf2+ 31. Kxf2 Rxd1 0-1